| 000 | 02416nam a2200541Ia 4500 | ||
|---|---|---|---|
| 001 | sjds380498 | ||
| 003 | sjds | ||
| 005 | 20240309121022.0 | ||
| 008 | 090126t20092009fluab j 000 0 spa d | ||
| 020 | _a9781603966238 (pbk.) | ||
| 020 | _a1603966234 (pbk.) | ||
| 035 | _a(OCoLC)299576539 | ||
| 040 |
_dUtOrBLW _csjds |
||
| 041 | _aspa | ||
| 049 | _aIFAA | ||
| 099 |
_a92 OBAMA _f2009 |
||
| 100 | 1 | _aEdwards, Roberta. | |
| 240 | 1 | 0 |
_aBarack Obama: President of the United States. _lSpanish |
| 245 | 1 | 0 |
_aBarack Obama : _bPresidente de Estados Unidos / _cRoberta Edwards ; ilustraciones de Ken Call. |
| 260 |
_aMiama, Fla. : _bAltea/Santillana USA, _cc2009 |
||
| 264 | 1 |
_aMiama, Fla. : _bAltea/Santillana USA, _c[2009] |
|
| 264 | 4 | _cc2009 | |
| 300 |
_a64 pages : _billustrations, maps ; _c23 cm |
||
| 336 |
_atext _btxt _2rdacontent |
||
| 337 |
_aunmediated _bn _2rdamedia |
||
| 338 |
_avolume _bnc _2rdacarrier |
||
| 500 | _a"Best seller del New York Times"--Cover. | ||
| 521 | 8 |
_a710 _bLexile |
|
| 526 | 0 |
_aAccelerated Reader _bLG _c4.8 _d1.0 _z128250SP |
|
| 600 | 1 | 0 |
_aObama, Barack _vJuvenile literature. |
| 600 | 1 | 7 |
_aObama, Barack _vLiteratura juvenil. _2bidex |
| 610 | 1 | 0 |
_aUnited States. _bCongress. _bSenate _vBiography _vJuvenile literature. |
| 610 | 1 | 7 |
_aEstados Unidos. _bCongreso. _bSenado _vBiografía _vLiteratura juvenil. _2local |
| 650 | 0 |
_aPresidential candidates _zUnited States _vBiography _vJuvenile literature. |
|
| 650 | 0 |
_aPresidents _zUnited States _xElection _y2008 _vJuvenile literature. |
|
| 650 | 0 |
_aLegislators _zUnited States _vBiography _vJuvenile literature. |
|
| 650 | 0 |
_aAfrican American legislators _vBiography _vJuvenile literature. |
|
| 650 | 0 |
_aAfrican Americans _vBiography _vJuvenile literature. |
|
| 650 | 0 |
_aRacially mixed people _zUnited States _vBiography _vJuvenile literature. |
|
| 650 | 7 |
_aCandidatos presidenciales _zEstados Unidos _vBiografía _vLiteratura juvenil. _2bidex |
|
| 650 | 7 |
_aPresidentes _zEstados Unidos _xElección _y2008 _vLiteratura juvenil. _2bidex |
|
| 650 | 7 |
_aAfronorteamericanos _vBiografía _vLiteratura juvenil. _2bidex |
|
| 650 | 7 |
_aLegisladores _zEstados Unidos _vBiografía _vLiteratura juvenil. _2local |
|
| 650 | 7 |
_aLegisladores afronorteamericanos _zEstados Unidos _vBiografía _vLiteratura juvenil. _2local |
|
| 650 | 7 |
_aGente de raza mezclada _zEstados Unidos _vBiografía _vLiteratura juvenil. _2local |
|
| 700 | 1 | _aCall, Ken. | |
| 942 |
_cBK _2ddc |
||
| 999 |
_c26822 _d26822 |
||